=LDR 00000nam 2200000 4500 =001 INLIS000000000019526 =005 20130612114557 =008 ***********************************Ind** =035 ##$$0010-061300000019526 =041 ##$$a Ind =082 ##$$a 614.547 =090 ##$$a 614.547, Wic m =100 ##$$a Wicaksono, Bambang =245 ##$$a Mengenal penyakit hubungan seksual, Bambang Wicahsono =260 ##$$a 2001 $b Bandung =300 ##$$a 160 hlm, 16 cm =650 ##$$a Penyakit Kelamin =850 ##$$a NBPNMAT